LEADER 01096cam0-22003611i-450- 001 990006169640403321 005 20151119113321.0 035 $a000616964 035 $aFED01000616964 035 $a(Aleph)000616964FED01 035 $a000616964 100 $a20000112d1994----km-y0itay50------ba 101 0 $aita 102 $aIT 105 $ay-------001yy 200 1 $aConcorrenza e mercato$ecommento alla legge 10 ottobre 1990 n. 287 e al decreto legislativo 25 gennaio 1992 n. 74$fa cura di Vittorio Afferni$gcon i contributi di Maria Cleme Bartesaghi ... [et al.] 210 $aPadova$cCedam$d1994 215 $aXVIII, 769 p.$d24 cm 225 1 $aBiblioteca giuridica$v7 676 $a346.07 702 1$aAfferni,$bVittorio 801 0$aIT$bUNINA$gRICA$2UNIMARC 901 $aBK 912 $a990006169640403321 952 $aDPR 20-591$b13570$fDEC 952 $aCOLLEZ. 422 (7)$b24427*$fFGBC 952 $aSDC-D-31$b146$fDDCP 952 $a12-C-207$b6529$fDDCP 959 $aDEC 959 $aFGBC 959 $aDDCP 996 $aConcorrenza e mercato$957384 997 $aUNINA LEADER 01132nam a2200277 i 4500 001 991001458339707536 005 20020502193704.0 008 950213s1989 it 00| 0 ita d 020 $a8820436728 035 $ab11515739-39ule_inst 035 $aPRUMB61500$9ExL 040 $aScuola per assistenti sociali$bita 082 0 $a305.235094542 100 1 $aMerelli, Maria$0509816 245 10$aQuasi adulte :$bpercorsi e modelli di donna nella transizione dei venti anni /$cMaria Merelli ; prefazione di Chiara Saraceno 260 $aModena :$bComune ; Milano : F. Angeli,$cc1989 300 $a246 p. ;$c22 cm 650 4$aDonne adolescenti$yModena$xInchieste 700 1 $aSaraceno, Chiara 907 $a.b11515739$b07-10-13$c01-07-02 912 $a991001458339707536 945 $aLE024 SOC FAM IV 42$g1$iLE024N-1486$lle021$nex DUSS$o-$pE0.00$q-$rl$s- $t0$u0$v0$w0$x0$y.i11710834$z01-07-02 945 $aLE022 MP 120 D 19$g1$i2022000176712$lle022$o-$pE0.00$q-$rl$s- $t0$u0$v0$w0$x0$y.i13837424$z10-09-04 996 $aQuasi adulte$9814235 997 $aUNISALENTO 998 $ale022$ale021$b01-01-95$cm$da $e-$fita$git $h0$i1 LEADER 02515oam 2200637I 450 001 9910779804703321 005 20230422042406.0 010 $a1-134-97471-X 010 $a1-134-97472-8 010 $a1-280-33836-9 010 $a0-203-02712-4 024 7 $a10.4324/9780203027127 035 $a(CKB)111056485509808 035 $a(EBL)165204 035 $a(OCoLC)560070549 035 $a(SSID)ssj0000263028 035 $a(PQKBManifestationID)11219145 035 $a(PQKBTitleCode)TC0000263028 035 $a(PQKBWorkID)10272098 035 $a(PQKB)11772470 035 $a(MiAaPQ)EBC165204 035 $a(Au-PeEL)EBL165204 035 $a(CaPaEBR)ebr10054686 035 $a(CaONFJC)MIL33836 035 $a(OCoLC)51052424 035 $a(EXLCZ)99111056485509808 100 $a20180331d2000 uy 0 101 0 $aeng 135 $aur|n|---||||| 181 $ctxt 182 $cc 183 $acr 200 10$aTuvaluan $ea Polynesian language of the Central Pacific /$fNiko Besnier 210 1$aLondon ;$aNew York :$cRoutledge,$d2000. 215 $a1 online resource (689 p.) 225 1 $aDescriptive grammars 300 $aDescription based upon print version of record. 311 $a1-138-99393-X 311 $a0-415-02456-0 320 $aIncludes bibliographical references (pages [647]-655) and index. 327 $aBook Cover; Title; Contents; List of tables, maps, and figures; Acknowledgements; Abbreviations and grammaticality conventions; INTRODUCTION; SYNTAX; MORPHOLOGY; PHONOLOGY; IDEOPHONES AND INTERJECTIONS; LEXICON 330 $aTuvaluan is a Polynesian language spoken by the 9,000 inhabitants of the nine atolls of Tuvalu in the Central Pacific, as well as small and growing Tuvaluan communities in Fiji, New Zealand, and Australia. This grammar is the first detailed description of the structure of Tuvaluan, one of the least well-documented languages of Polynesia. Tuvaluan pays particular attention to discourse and sociolinguistics factors at play in the structural organization of the language. 410 0$aDescriptive grammars. 606 $aTuvaluan language$xGrammar 606 $aPolynesian languages$xGrammar 615 0$aTuvaluan language$xGrammar. 615 0$aPolynesian languages$xGrammar. 676 $a499/.46 700 $aBesnier$b Niko.$0174571 801 0$bMiAaPQ 801 1$bMiAaPQ 801 2$bMiAaPQ 906 $aBOOK 912 $a9910779804703321 996 $aTuvaluan$93800110 997 $aUNINA